Cultura : selección de buenos autores antiguos y modernos : Enrique José Varona : escritos /

Cada número está dedicado a un escritor; el presente, al escritor cubano Enrique José Varona, quien fundó y dirigió la Revista Cubana (1885), una publicación de carácter literario que dio espacio a las ideas patrióticas. Esta revista fue antecedente de la Revista Bimestre Cubana que se publicó hasta...

Popoln opis

Shranjeno v:
Bibliografske podrobnosti
Drugi avtorji: Varona, José Enrique (autor) (autor), Caso, Antonio (prólogo) (prólogo), Loera y Chávez, Agustín (dirección) (dirección), Torri, Julio (dirección) (dirección)
Format: Knjiga
Jezik:španščina
Teme:
Oznake: Označite
Brez oznak, prvi označite!

MARC

LEADER 00000nam^a2200000^a^4500
001 000136115
005 20250526000000.0
009 20260310095308.269
037 |a Acervo ITESO - Biblioteca 
041 |a ESP 
082 |a 805.  |b CUL 1916 V. 1 T. 2 
245 0 0 |a Cultura :  |b selección de buenos autores antiguos y modernos : Enrique José Varona : escritos /  |c E.J. Varona ; pról. de A. Caso ; dir. de A. Loera y Chávez, J. Torri. 
264 |a México :  |b Cultura,  |c 1916 
300 |a 85 p. ;  |c 16.5 cm. 
520 |a Cada número está dedicado a un escritor; el presente, al escritor cubano Enrique José Varona, quien fundó y dirigió la Revista Cubana (1885), una publicación de carácter literario que dio espacio a las ideas patrióticas. Esta revista fue antecedente de la Revista Bimestre Cubana que se publicó hasta 1895. 
649 |a XX 
650 |a Literatura -  |x Publicaciones Periódicas Mexicanas 
650 |a Ensayos Cubanos 
650 |a Literatura Cubana -  |y Siglo XX 
700 |a Varona, José Enrique  |e (autor) 
700 |a Caso, Antonio  |e (prólogo) 
700 |a Loera y Chávez, Agustín  |e (dirección) 
700 |a Torri, Julio  |e (dirección) 
910 |a Fondo Salvador Reynoso Reynoso 
920 |a Impresos - Libros 
930 |a Libros Antiguos y Raros 
940 |a Literatura 
905 |a 108 
901 |a 0800013914  |b IT2  |c LRA  |u 20250526 
902 |a https://opac.biblio.iteso.mx/vufind/Record/000136115